000 00971nam a22002297a 4500
001 9143
003 FISKH
005 20251216083447.0
008 251125b cb ||||| |||| 00| 0 eng d
040 _aFISKH
_beng
_cFISKH
_dFISKH
082 _a639.56
100 _aHarper, Ron
245 _aThe crayfishers /
_cstory by Ron Harper ; assisted by Rina Micalizzi.
260 _aRichmond :
_bHodja Educational Resources,
_c1985.
300 _a16 pages :
_bcolor illustrations ;
_c20 cm
520 _aA simple informational story showing how crayfishers prepare equipment, set traps, work on boats, and collect crayfish. Includes illustrations and audio to support learning.
650 _aCrayfish fisheries. 650 _0|aFishing|vJuvenile literature. 650 _0|aOccupations|vJuvenile literature. 651 0|aAustralia|vJuvenile literature
_vJuvenile literature
650 _aCrayfish
_vJuvenile literature
700 _aMicalizzi, Rina
_eassistant
942 _2ddc
_cBK
_n0
999 _c9143
_d9143